Evolution of indian economy : (Record no. 123541)

MARC details
000 -LEADER
fixed length control field 00873nam a22002657a 4500
005 - DATE AND TIME OF LATEST TRANSACTION
control field 20170124105926.0
010 ## - LIBRARY OF CONGRESS CONTROL NUMBER
LC control number A-900046
020 ## - INTERNATIONAL STANDARD BOOK NUMBER
Terms of availability 68.00
International Standard Book Number 8120901967
035 #h - SYSTEM CONTROL NUMBER
System control number A-900046
037 ## - SOURCE OF ACQUISITION
Source of stock number/acquisition Cen Lib/Ret
040 ## - CATALOGING SOURCE
Original cataloging agency DPL
Language of cataloging EN
082 ## - DEWEY DECIMAL CLASSIFICATION NUMBER
Classification number 330.954
Item number DOS
Edition number 3rd rev ed.
100 ## - MAIN ENTRY--PERSONAL NAME
Personal name Dosajh, Chaman Lal
9 (RLIN) 6756
245 ## - TITLE STATEMENT
Title Evolution of indian economy :
Statement of responsibility, etc by Chaman Lal Dosajh, Prem Chand [and] Ram Prakash Gupta
Remainder of title for class xi /
246 ## - VARYING FORM OF TITLE
Remainder of title
250 ## - EDITION STATEMENT
Edition statement 3rd rev rd.
260 ## - PUBLICATION, DISTRIBUTION, ETC. (IMPRINT)
Name of publisher, distributor, etc Pitamber Publishing company
Date of publication, distribution, etc 1997
Place of publication, distribution, etc New Delhi
270 ## - ADDRESS
City New Delhi
Address 888, east park road, karol bagh
Postal code 110005
300 ## - PHYSICAL DESCRIPTION
Extent 313p.
Dimensions 23cm(Hb)
650 ## - SUBJECT ADDED ENTRY--TOPICAL TERM
Topical term or geographic name as entry element Economics
9 (RLIN) 117910
650 ## - SUBJECT ADDED ENTRY--TOPICAL TERM
Topical term or geographic name as entry element Growth & development -- Indian economy
9 (RLIN) 97302
700 ## - ADDED ENTRY--PERSONAL NAME
Personal name Prem Chand
9 (RLIN) 117911
700 ## - ADDED ENTRY--PERSONAL NAME
Personal name Gupta, Ram Prakash
9 (RLIN) 37848
942 ## - ADDED ENTRY ELEMENTS (KOHA)
Source of classification or shelving scheme Dewey Decimal Classification
Koha item type English Books
Classification part 330.954
Call number suffix DOS
Holdings
Withdrawn status Lost status Damaged status Not for loan Home library Current library Date acquired Source of acquisition Cost, normal purchase price Total Checkouts Full call number Barcode Date last seen Copy number Cost, replacement price Price effective from Koha item type Public note
Written off       Central Library Central Library 08/06/2015 Cen Lib/Ret 68.00   330.954 DOS A-900046 08/06/2015 1 68.00 15/09/2016 English Books Written off on approval by DLB (By Circulation); dtd 15-06-2023

© Delhi Public Library
Hit Counter
free hit counter